| 000 | 00511nam a22001697a 4500 | ||
|---|---|---|---|
| 005 | 20251108165034.0 | ||
| 008 | 250721s1992 xx 000 0 ara d | ||
| 082 | 1 | 4 | _a363.4/محم |
| 100 | 1 | _aالحتو، محمد عبد المعطي | |
| 245 | 1 | 0 | _aالإجهاض ضرورة قومية و الإعتقاد قضية علمية / |
| 264 | 1 |
_aالقاهرة : _c1992. |
|
| 300 | _a357ص | ||
| 650 | 1 | 7 | _aالمشاكل الإجتماعية |
| 650 | 1 | 7 | _aالإجهاض |
| 942 |
_2ddc _cBK |
||
| 999 |
_c20587 _d20587 |
||